[Event "ESP-chT 1st Division 2020"]
[Site "Padron"]
[Date "2020.10.06"]
[Round "4.1"]
[White "Adla, Diego"]
[Black "Ladron De Guevara Pinto, Paolo"]
[Result "1/2-1/2"]
[WhiteElo "2438"]
[BlackElo "2433"]
[Annotator "TA"]
[PlyCount "104"]
[EventDate "2020.10.01"]
[EventType "team-tourn"]
[EventCountry "ESP"]
[SourceTitle "playchess.com"]
[Source "ChessBase"]
[SourceQuality "1"]

{[%evp 15,104,0,4,-11,28,27,43,12,33,43,41,-1,9,-16,42,33,43,7,32,0,0,13,15,0,4,0,5,-36,0,0,6,-35,-41,-39,7,-14,-19,-162,-119,-141,-125,-115,-98,-135,-51,-51,-51,-48,-48,-57,-52,-329,-332,-322,-329,-807,-532,-517,-510,-486,-484,-438,-420,-370,-69,-69,-69,-69,-47,-50,-45,-48,-47,-41,-45,-102,-97,-112,-106,-102,0,0,0,0,0,0,0,0,0,0,0]} 1. c4 e6 2. Nc3 d5 3. d4 c6 4. e3 Nf6 5. Bd3 Nbd7 6. cxd5 exd5 7. Nge2 Be7 8. O-O O-O 9. a3 {D31: Queen's Gambit Declined: Semi-Slav without ...Nf6 (+ Marshall Gambit and Noteboom) and Exchange Variation lines without ...Nf6.} a5 {[#]} 10. f3 $146 ({Predecessor:} 10. b3 Re8 11. Re1 Nf8 12. Qc2 Bd7 13. Bb2 Bd6 14. Rac1 Bxh2+ 15. Kxh2 Ng4+ 16. Kg1 Qh4 {1-0 (47) Fuente Gutierrez,J-Alvarez Garcia,N Asturias 1995}) 10... c5 11. Bc2 {White is slightly better.} b6 12. Nf4 Bb7 13. Kh1 Rc8 14. g4 cxd4 (14... Bd6 $11) 15. exd4 $14 Nb8 16. Rg1 g6 17. Be3 Ne8 18. Bb3 {[%cal Rf4d5]} Nc7 19. Qd2 Re8 20. g5 Bf8 21. Nd3 Ne6 22. Ne5 Bg7 23. f4 Nc5 $36 {[%mdl 2048] Black is more active.} 24. Bc2 ({Wrong is} 24. dxc5 $2 d4+ 25. Rg2 (25. c6 $2 Nxc6 26. Bxf7+ Kf8 $19) 25... Bxe5 $19) 24... Ne4 25. Bxe4 (25. Nxe4 {keeps more tension.} dxe4 26. Qg2 Qd5 27. Bb1 Qd6 28. Bxe4 Bxe4 29. Qxe4 Nc6 30. Rac1) 25... dxe4 26. d5 (26. Rad1 $11) 26... Bxe5 $19 27. fxe5 Rxe5 28. Rad1 Nd7 {[%cal Bb8d7,Bd7f6,Bf6g4,Bg4f2][%mdl 32]} 29. Rg4 {[#]} f5 (29... b5 $1 $17 {[%mdl 512]} 30. Qd4 (30. Nxb5 Rxd5) 30... Ba8) 30. gxf6 $1 $15 Nxf6 31. Rg5 Rxg5 32. Bxg5 {Strongly threatening Qd4.} Qd6 $1 33. Qd4 $2 {[%mdl 8192]} (33. h3 $15) 33... Ng4 $19 {[%csl Gg4][%cal Rd6h2]} 34. Qg1 h5 {...e3! is the strong threat.} 35. h3 $2 (35. Re1 Bxd5 36. Be3) 35... Rxc3 36. bxc3 e3 $1 {[%cal Re3e2] ( -> ...e2)} 37. c4 Nf2+ {[%mdl 64] Double Attack} 38. Kg2 Nxd1 39. Qxd1 b5 $2 (39... Qe5 $19 40. Bh4 Qe4+ {[%mdl 64] Double Attack} 41. Qf3 Qxh4 42. Qxe3 Qf6 43. Qe8+ Kg7) 40. Qb3 $15 e2 41. Bd2 Qf6 {aiming for ...Qf1+.} (41... Qf8 $5 {[%cal Rf8f1]} 42. Qf3 bxc4 43. Qxf8+ Kxf8 $15) 42. Qf3 Qe5 43. Kf2 bxc4 44. Qxe2 Qh2+ {[%mdl 64] Double Attack} 45. Ke1 {[#]} ({Better is} 45. Ke3 $1 $15 Qd6 46. Qxc4) 45... Qg1+ $1 $17 46. Qf1 Qg3+ {[%mdl 64] Double Attack} 47. Qf2 Qxa3 ({Black should play} 47... Qxh3 $17 {Threatens to win with ...c3.} 48. Qf6 Qh1+ {[%mdl 64] Double Attack} 49. Kf2 Qxd5 50. Qxg6+ Kf8 51. Qf6+ Ke8) 48. Qf6 $11 {The position is equal.} Qg3+ 49. Kd1 {And now Bc3 would win.} Qb3+ 50. Kc1 Qa3+ 51. Kd1 {Black must now prevent Bc3.} Qb3+ 52. Kc1 Qa3+ {White happily takes the draw. Accuracy: White = 54%, Black = 65%.} 1/2-1/2

[Event "ESP-chT 1st Division 2020"]
[Site "Padron"]
[Date "2020.10.06"]
[Round "4.2"]
[White "Alshameary Puente, Ismael"]
[Black "Glavina, Pablo"]
[Result "1-0"]
[WhiteElo "2373"]
[BlackElo "2412"]
[Annotator "TA"]
[PlyCount "119"]
[EventDate "2020.10.01"]
[EventType "team-tourn"]
[EventCountry "ESP"]
[SourceTitle "playchess.com"]
[Source "ChessBase"]
[SourceQuality "1"]

{[%evp 11,119,-25,0,-3,0,0,21,14,30,27,18,33,27,20,43,25,9,-15,29,30,28,4,7,0,25,13,49,0,0,0,0,-24,-25,-31,19,17,77,84,75,93,111,99,406,407,552,533,858,807,1675,1636,6179,6179,5485,5469,5406,1603,1683,516,466,234,229,213,221,214,206,199,461,453,450,427,420,407,382,182,186,171,173,178,176,144,166,80,149,37,45,46,71,-44,-45,-60,-60,-60,-60,-133,-85,-105,0,0,140,140,196,196,196,196,196,196,284,137,682,679]} 1. d4 Nf6 2. c4 e6 3. Nc3 Bb4 4. f3 O-O 5. a3 Bxc3+ 6. bxc3 Ne8 7. e4 {E27: Nimzo-Indian: Sämisch: 5...0-0 6 f3.} Nc6 8. Bd3 b6 9. Nh3 {The position is equal.} Qh4+ 10. Nf2 Ba6 11. O-O Na5 12. Qe2 c5 {[#]} 13. Be3 $146 ({Predecessor:} 13. g3 Qe7 14. e5 Rc8 15. d5 exd5 16. cxd5 Bxd3 17. Nxd3 c4 18. Nf2 Nb3 19. Ra2 Nxc1 20. Rxc1 {½-½ (29) Mihajlov,S (2285)-Djurhuus,E (2127) Oslo 2015}) 13... Rc8 14. Rac1 Qe7 15. e5 f5 16. exf6 Nxf6 17. Bg5 Qf7 18. Ng4 {Black must now prevent Bxf6.} Qh5 19. Bxf6 (19. Bf4 {feels hotter.} cxd4 20. Bd6 dxc3 21. Bxf8 Rxf8 22. Nxf6+ Rxf6 23. Rxc3 Nb7 24. Re1) 19... gxf6 20. f4 $36 {[%mdl 2048] Hoping for Nxf6+! Black is under pressure.} Kh8 21. f5 Rce8 22. Qf3 Bb7 23. Qf4 {And now fxe6 would win.} Rg8 (23... exf5 $1 $11 {remains equal.} 24. Qxf5 Qxf5 25. Rxf5 cxd4) 24. h3 $16 e5 25. dxe5 fxe5 26. Qg3 Qg5 $2 {[%mdl 8192]} (26... d6 $16) 27. f6 $18 Ref8 28. Rce1 d6 29. Rf5 $1 {[%cal Rf5g5]} Qd2 {[#]} 30. Rh5 $1 {[%csl Gd3][%cal Rh5h7][%mdl 576] Discovered Attack} Rf7 {[#]} 31. Bxh7 $1 {[%mdl 576] Promotion} Rxh7 {[#]} 32. f7 $1 {[%mdl 512] Threatening mate with Rxh7+.} Rxh5 33. fxg8=Q+ (33. fxg8=R+ $142 Kxg8 34. Ne3+ Kh7 35. Rf1 Qxe3+ 36. Qxe3) 33... Kxg8 34. Nf6+ (34. Ne3+ $142 Kh7 35. Rf1 Qxe3+ 36. Qxe3 Nxc4 37. Rf7+ Kg8 38. Qf2 Bd5 39. Rf8+ Kh7 40. Qf6) 34... Kf7 35. Qg8+ (35. Nxh5 $142 {Intending Rf1+ and mate.} Qxg2+ 36. Qxg2 Bxg2 37. Kxg2) 35... Kxf6 36. Rf1+ Qf4 (36... Rf5 37. Qf8+ Kg6 38. Qxf5+ Kh6 39. Qf8+ Kh5 40. Qh8+ Qh6 41. Rf5+ Kh4 42. Qxh6+ Kg3 43. Qg5#) 37. Qf8+ Kg6 {...Qxf8 is the strong threat.} 38. Qxd6+ Kg7 $2 (38... Kf7 {might work better.}) 39. Qe7+ (39. Rxf4 exf4 40. Qxf4 Rh6 $16) 39... Kg6 40. Qe8+ Kh6 41. Rxf4 exf4 42. Qf8+ (42. Qe6+ $142 Kh7 43. Qf7+ Kh6 44. Qxf4+ Kg6 45. h4) 42... Kg6 43. Qxf4 Rf5 44. Qb8 {[%mdl 1024] White has strong compensation.} Rf7 45. Qd6+ Kg7 46. Qe5+ (46. h4 $18 {and White stays clearly on top.}) 46... Kg8 (46... Kf8 $142) 47. Qe2 (47. h4 $1 $16) 47... Nc6 $14 48. h4 Ne7 {[#]} 49. g4 (49. h5 $1 $16) 49... Bf3 $15 50. Qe5 ({Don't go for} 50. Qe6 $2 {[#]} Bxg4 $1 {[%mdl 512]} 51. Qe4 (51. Qxg4+ $2 Rg7 $19) 51... Nf5 $19) 50... Bxg4 51. Qb8+ Nc8 52. Kg2 ({Better is} 52. Qg3 $15) 52... Be6 53. Qe5 Re7 ({Worse is} 53... Bxc4 54. Qe8+ Kg7 55. Qxc8 $16) ({Black should try} 53... Rg7+ $17 54. Kf2 Re7 55. Qg3+ Kf7 56. Qf3+ Ke8 57. Qc6+ Kd8) 54. Kh2 $11 Bxc4 (54... Bg4 $11 55. Qd5+ Kh7) 55. Qg5+ $16 Kf8 (55... Kh8 $16) 56. Qf5+ $18 {[%mdl 64] Double Attack} Bf7 {Strongly threatening ...Nd6.} 57. Qxc8+ Kg7 58. Qg4+ Kf8 (58... Kh7 $142 59. Qg5 Re2+ 60. Kg3 Re6 61. Qf5+ Kg8) 59. h5 (59. Qf4 $18 {has better winning chances.}) 59... Bxh5 $2 {[%mdl 8192]} (59... Re5 $16) 60. Qxh5 {Accuracy: White = 62%, Black = 47%.} 1-0

[Event "ESP-chT 1st Division 2020"]
[Site "Padron"]
[Date "2020.10.06"]
[Round "4.3"]
[White "Quintin Navarro, Alberto"]
[Black "Garrido Outon, Alex"]
[Result "1-0"]
[WhiteElo "2383"]
[BlackElo "2366"]
[Annotator "TA"]
[PlyCount "87"]
[EventDate "2020.10.01"]
[EventType "team-tourn"]
[EventCountry "ESP"]
[SourceTitle "playchess.com"]
[Source "ChessBase"]
[SourceQuality "1"]

{[%evp 17,87,0,35,0,0,0,0,2,9,0,0,-12,0,-1,-2,-12,-8,-10,0,-68,0,0,0,-14,0,-13,14,11,17,7,3,3,6,8,75,3,3,-12,-14,-19,-11,-15,0,0,0,0,0,0,0,0,0,0,0,0,0,0,0,0,0,0,0,0,178,177,201,170,29974,29975,29974,29974,29992,29993]} 1. c4 Nf6 2. Nc3 g6 3. g3 Bg7 4. Bg2 O-O 5. Nf3 d6 6. O-O e5 7. d3 c6 8. Rb1 a5 9. a3 h6 10. Qc2 {A24: English Opening vs King's Indian: Lines without ...Nc6.} Re8 11. b4 axb4 12. axb4 {The position is equal.} d5 13. Nd2 Be6 14. Bb2 Nbd7 {[#]} 15. Ra1 $146 ({Predecessor:} 15. Rfe1 Bf8 16. Ba1 Qc7 17. e3 Nb6 18. Ne2 Ra3 19. c5 Nbd7 20. Bb2 Ra2 21. Nc3 {0-1 (65) Valdes Romero,L (2440)-Fluvia Poyatos,J (2447) Badalona 2013}) 15... Qb6 16. Ra4 Rxa4 17. Qxa4 Bf8 18. b5 ({White should try} 18. cxd5 $11 cxd5 19. Bxd5) 18... Nc5 (18... d4 $15 19. Nd1 Nc5) 19. Qa1 $11 d4 20. Na4 Nxa4 21. Qxa4 Bd7 {[%cal Rc6b5]} 22. bxc6 Bxc6 23. Qb3 Qa5 24. Nf3 b5 25. Ra1 bxc4 (25... Qb6 $11 {remains equal.}) 26. Qxc4 (26. Rxa5 $16 cxb3 27. Nxe5) 26... Qd5 $1 27. Qc2 Rc8 28. Rc1 Bb7 29. Qd2 {White wants to play Rxc8.} Rxc1+ 30. Qxc1 Qb5 31. h3 Kg7 32. Kh2 Bd6 33. Ba3 Bxf3 (33... Qa6 {keeps more tension.} 34. Bxd6 Qxd6 35. Qb1 Bd5 36. Qb5 g5) 34. Bxf3 Bxa3 35. Qxa3 Qd7 36. Qc5 Qf5 37. Qc7 h5 38. Kg2 Qg5 39. Qe7 {Black must now prevent Bd5!} h4 $2 {[#]} (39... Nh7 $11 {and Black has nothing to worry.} 40. Qxg5 Nxg5) 40. Bd5 $1 $18 {[%mdl 576] Pin} hxg3 (40... Nxd5 41. Qxg5) 41. fxg3 ({Don't take} 41. Qxf7+ $6 Kh8 $16) 41... Qf5 $2 (41... Nh7 $18 42. Qxf7+ Kh6) 42. Qxf7+ {White mates.} Kh6 43. Be6 Qg5 44. h4 {Accuracy: White = 86%, Black = 77%.} 1-0

[Event "ESP-chT 1st Division 2020"]
[Site "Padron"]
[Date "2020.10.06"]
[Round "4.4"]
[White "Herrera Delgado, Alejandro"]
[Black "Bayo Milagro, Alvaro"]
[Result "1/2-1/2"]
[WhiteElo "2280"]
[BlackElo "2254"]
[Annotator "TA"]
[PlyCount "112"]
[EventDate "2020.10.01"]
[EventType "team-tourn"]
[EventCountry "ESP"]
[SourceTitle "playchess.com"]
[Source "ChessBase"]
[SourceQuality "1"]

{[%evp 15,112,9,16,3,59,58,68,55,75,59,71,58,73,16,17,-16,23,-27,0,0,4,9,3,0,51,16,14,18,22,9,30,17,16,0,0,-83,-85,-97,-86,-94,-87,-87,-91,-91,-89,-134,-83,-78,-78,-80,-17,-8,0,0,0,0,0,0,0,0,0,0,0,0,0,0,0,0,0,-17,0,0,0,0,0,0,0,0,0,0,0,0,0,0,0,0,0,0,0,0,0,0,0,0,0,0,0,0,0]} 1. e4 e6 2. d4 d5 3. Nc3 Nf6 4. e5 Nfd7 5. f4 c5 6. Nf3 Nc6 7. Be3 Be7 8. Qd2 O-O 9. Be2 {C11: French: Classical System: 4 e5 and 4 Bg5 dxe4.} f6 ({Better is} 9... a6 $11) 10. exf6 $1 $14 Nxf6 11. dxc5 {White is slightly better.} Qa5 12. Nb5 Qxd2+ 13. Nxd2 a6 {[#]} 14. Nd4 $146 (14. Nd6 $1 $16) ({Predecessor:} 14. Nd6 d4 15. Bf2 Nd7 16. Nb3 Nxc5 17. Nxc8 Raxc8 18. Nxd4 Nxd4 19. Bxd4 Rxf4 20. O-O-O {1-0 (50) Almasi,Z (2717)-Kortschnoj,V (2558) Caleta 2012}) 14... Bxc5 $11 15. c3 Bd7 16. Bf3 Rae8 {And now ...e5 would win.} 17. N2b3 Bd6 18. Nxc6 Bxc6 19. O-O Ne4 ({Black should play} 19... Nd7 $11) 20. g3 (20. Bxe4 $5 dxe4 21. Na5 $11) 20... e5 21. fxe5 Bxe5 22. Bg2 Bf6 23. Rae1 Bb5 24. Rf5 Bc4 25. Bf1 (25. Rf4 $11 {remains equal.}) 25... Nd6 $1 $36 {[%cal Rd6f5][%mdl 2048] Keeping White busy.} 26. Rf3 Rf7 $1 27. Bf2 Rxe1 28. Bxe1 {[#]} Bxf1 $1 29. Rxf1 {[#]} Nc4 $1 30. Rf2 Bd8 (30... Re7 $142 31. Bd2 Nxb2) 31. Re2 Re7 32. Kf1 Rxe2 (32... Ne3+ $17 33. Kg1 Nc4) 33. Kxe2 {[%mdl 4096] Endgame KBN-KBN. The position is equal.} Bb6 34. Bf2 Bxf2 35. Kxf2 $11 {KN-KN} b6 36. Nc1 Nxb2 37. Ke3 Kf7 38. Kd4 Ke6 39. Ne2 g5 40. h4 h6 41. hxg5 hxg5 42. g4 Nd1 {...Nf2 is the strong threat.} 43. Ng1 $1 Nf2 44. Nf3 Nh3 45. a4 Kd6 46. Ne5 a5 47. Nf7+ Ke6 48. Nd8+ Kd7 49. Nf7 Ke6 50. Nd8+ Ke7 51. Nc6+ Kd6 52. Ne5 Nf2 53. Nf7+ {[%mdl 64] Double Attack} Kc6 54. Ne5+ Kd6 55. Nf7+ {[%mdl 64] Double Attack} Kc6 56. Ne5+ Kd6 {Accuracy: White = 84%, Black = 85%.} 1/2-1/2

[Event "ESP-chT 1st Division 2020"]
[Site "Padron"]
[Date "2020.10.06"]
[Round "4.5"]
[White "Vela Frago, Alberto"]
[Black "Perera Borrego, Maria Adela"]
[Result "1-0"]
[WhiteElo "2071"]
[BlackElo "2221"]
[Annotator "TA"]
[PlyCount "89"]
[EventDate "2020.10.01"]
[EventType "team-tourn"]
[EventCountry "ESP"]
[SourceTitle "playchess.com"]
[Source "ChessBase"]
[SourceQuality "1"]

{[%evp 14,89,22,-28,-8,-29,-16,-51,-32,-41,0,0,0,0,0,0,8,6,23,0,0,0,1,0,0,0,0,0,0,0,0,-17,-26,-21,22,18,25,24,18,19,49,44,48,50,206,204,202,204,254,251,341,358,336,274,512,511,508,485,472,206,181,194,209,120,898,893,1054,992,1590,1581,1568,1487,1839,1679,2122,2165,29982,29983]} 1. c4 e6 2. Nf3 d5 3. g3 Nf6 4. Bg2 Be7 5. O-O O-O 6. d4 b6 7. Qc2 Bb7 8. Ne5 Qc8 {E17: Queen's Indian: 4 g3 Bb7 5 Bg2 Be7.} 9. b3 c5 {[#]} 10. Ba3 $146 ({Predecessor:} 10. dxc5 Bxc5 11. Bb2 Be7 12. Rc1 Na6 13. Nd2 Qe8 14. Nf1 Rc8 15. Qd2 Nc5 16. Qd4 {1-0 (67) Popp,M (2013)-Gruber,R (1849) Germany 2010}) 10... Na6 {Black is slightly better.} 11. Nd2 Nb4 (11... dxc4 {keeps more tension.} 12. Ndxc4 Bxg2 13. Kxg2 Qc7 14. Rac1 Rac8) 12. Bxb4 $1 cxb4 13. Rac1 dxc4 {...c3 is the strong threat.} 14. bxc4 Bxg2 15. Kxg2 Qb7+ 16. Kg1 Rfd8 17. e3 Rac8 18. Qb2 a5 19. f4 Ne4 20. Nxe4 Qxe4 21. Qf2 f6 (21... h5 {feels hotter.} 22. Nf3 Rc7 23. Qe2 a4 24. Nd2 Qg6) 22. Qf3 Qxf3 23. Nxf3 Bd6 24. Kf2 Rd7 25. Ke2 Re7 26. Nd2 e5 {White should prevent ...exd4.} 27. fxe5 fxe5 28. Ne4 $36 {[%mdl 2048] White has the initiative.} Re6 $2 {[#] Black is now going downhill.} (28... Rd7 $14) 29. d5 $18 Rh6 30. h4 Bb8 31. Rh1 g5 32. h5 ({But not} 32. Nxg5 Rf6 $18) ({Resist} 32. hxg5 Rxh1 33. Rxh1 Rxc4 $18) 32... g4 33. Kd3 Kf7 $2 (33... Rf8 {was called for.} 34. Rh4 Kh8 35. Rxg4 Rxh5) 34. Rcf1+ Ke7 35. Rf5 Rf8 36. Rhf1 (36. Rg5 $142) 36... Rxf5 37. Rxf5 {[%mdl 4096] Endgame KRB-KRN} a4 {[#]} 38. Kc2 ({White should try} 38. Ng5 $1 $18) 38... b5 $2 {[%mdl 8192]} (38... Bd6 $16 39. Kd3 Bb8) 39. c5 Ra6 40. d6+ Ke6 41. Rf6+ Kd7 42. Rf8 b3+ 43. axb3 a3 44. Kb1 ({Not} 44. Rxb8 a2 $18) 44... Ba7 45. Nf6+ {[%mdl 64] Double Attack. Accuracy: White = 84%, Black = 46%.} 1-0

[Event "ESP-chT 1st Division 2020"]
[Site "Padron"]
[Date "2020.10.06"]
[Round "4.6"]
[White "Chacon Perez, Juan"]
[Black "Gracia Laguens, Asuncion"]
[Result "1-0"]
[WhiteElo "2141"]
[BlackElo "1414"]
[Annotator "ChessBase"]
[PlyCount "63"]
[EventDate "2020.10.01"]
[EventType "team-tourn"]
[EventCountry "ESP"]
[SourceTitle "playchess.com"]
[Source "ChessBase"]
[SourceQuality "1"]
[TimeControl "5400+30"]

1. e4 {[%emt 0:00:00]} c5 {[%emt 0:03:03]} 2. Nc3 {[%emt 0:00:00]} e6 {[%emt 0:01:10]} 3. Nf3 {[%emt 0:00:12]} d6 {[%emt 0:01:02]} 4. d4 {[%emt 0:00:30]} cxd4 {[%emt 0:01:20]} 5. Nxd4 {[%emt 0:00:09]} a6 {[%emt 0:01:31]} 6. Be3 {[%emt 0:01:08]} Nf6 {[%emt 0:01:00]} 7. g4 {[%emt 0:03:18]} g6 {[%emt 0:07:25]} 8. g5 {[%emt 0:02:46]} Nfd7 {[%emt 0:01:56]} 9. Qd2 {[%emt 0:01:39]} b5 {[%emt 0:01:57]} 10. f4 {[%emt 0:04:22]} Nc5 {[%emt 0:05:12]} 11. Bg2 {[%emt 0:02:40]} Bb7 {[%emt 0:04:07]} 12. a3 {[%emt 0:00:55]} Bg7 {[%emt 0:05:06]} 13. O-O {[%emt 0:05:25]} Nbd7 {[%emt 0:03:06]} 14. b4 {[%emt 0:00:25]} Na4 {[%emt 0:04:42]} 15. Nxa4 {[%emt 0:00:27]} bxa4 {[%emt 0:01:30]} 16. f5 {[%emt 0:04:43]} e5 {[%emt 0:02:47]} 17. Ne2 {[%emt 0:05:55]} Qc7 {[%emt 0:02:55]} 18. Ng3 {[%emt 0:12:14]} Rc8 {[%emt 0:05:15]} 19. c4 {[%emt 0:08:19]} O-O {[%emt 0:05:48]} 20. f6 {[%emt 0:00:19]} Bh8 {[%emt 0:00:27]} 21. Rfc1 {[%emt 0:01:04]} Bxf6 {[%emt 0:00:57]} 22. gxf6 {[%emt 0:01:26]} Nxf6 {[%emt 0:00:14]} 23. c5 {[%emt 0:02:10]} Rfd8 {[%emt 0:04:20]} 24. cxd6 {[%emt 0:01:51]} Qxd6 {[%emt 0:00:54]} 25. Qxd6 {[%emt 0:01:47]} Rxd6 {[%emt 0:04:02]} 26. Rxc8+ {[%emt 0:00:43]} Bxc8 {[%emt 0:01:09]} 27. Rc1 {[%emt 0:00:27]} Be6 {[%emt 0:01:27]} 28. Bf1 {[%emt 0:00:36]} h5 {[%emt 0:01:52]} 29. h4 {[%emt 0:01:08]} Ng4 {[%emt 0:00:31]} 30. Bc5 {[%emt 0:00:11]} Rd2 {[%emt 0:01:10]} 31. Bxa6 {[%emt 0:00:42]} Nf2 {[%emt 0:00:40]} 32. Bxf2 {[%emt 0:00:06]} 1-0

[Event "ESP-chT 1st Division 2020"]
[Site "Padron"]
[Date "2020.10.06"]
[Round "4.7"]
[White "Espinosa Aranda, Angel"]
[Black "Pap, Misa"]
[Result "1-0"]
[WhiteElo "2502"]
[BlackElo "2447"]
[Annotator "TA"]
[PlyCount "83"]
[EventDate "2020.10.01"]
[EventType "team-tourn"]
[EventCountry "ESP"]
[SourceTitle "playchess.com"]
[Source "ChessBase"]
[SourceQuality "1"]

{[%evp 22,83,50,39,54,30,97,90,83,83,80,64,116,106,123,104,104,102,104,106,135,145,145,138,147,142,139,146,145,145,214,213,184,156,206,190,192,197,209,214,242,239,215,184,238,181,266,265,265,264,305,297,273,280,284,276,331,322,336,320,377,385,368,356]} 1. Nf3 c5 2. c4 g6 3. d4 cxd4 4. Nxd4 Nf6 5. Nc3 Nc6 6. e4 d6 7. Be2 Nxd4 8. Qxd4 Bg7 9. Be3 O-O 10. Qd3 Be6 11. O-O Qa5 12. Bd4 Nd7 {B36: Sicilian: Maroczy Bind: Gurgenidze System.} 13. f4 {[#] f5 is the strong threat.} f5 $146 (13... Nc5 $11 14. Qe3 Bxd4 15. Qxd4 f6) ({Predecessor:} 13... Bxd4+ 14. Qxd4 Qb6 15. Qxb6 Nxb6 16. Nd5 Bxd5 17. cxd5 Rac8 18. Rac1 Na4 19. Bg4 Rc5 20. b4 Rc3 21. Bd7 Ra3 22. Rf2 Nc3 {0-1 (42) Fernandez Rubio,R (2114)-Garcia Fernandez,J (2210) Aragon 2015}) 14. Bxg7 $16 Kxg7 {White is better.} 15. Qd4+ Nf6 16. exf5 gxf5 ({Black should play} 16... Bxf5 $14 17. g4 e5 18. fxe5 (18. Qxd6 Rad8 $14) 18... dxe5) 17. Bf3 Rae8 18. Rfe1 (18. Bxb7 $6 Bxc4 19. Rf2 (19. Qxc4 Qb6+ {[%mdl 64] Double Attack} 20. Kh1 Qxb7 $11) 19... Bf7 $11) 18... Bf7 19. Nd5 Bxd5 20. Bxd5 Qc5 21. Qxc5 dxc5 22. Bxb7 Rb8 23. Bf3 ({But not} 23. Rxe7+ Rf7 $16) 23... Rxb2 24. Rxe7+ Rf7 25. Re5 Nd7 (25... Ne4 $16 26. a4 (26. Bxe4 fxe4 27. Rg5+ Kf6 $14) 26... Rb4) 26. Rd5 $18 Rc2 27. Rad1 Nb6 28. Rxc5 Rxc4 29. Rxc4 Nxc4 {[%mdl 4096] Endgame KRB-KRN} 30. Kf2 Nb6 31. Rc1 Rd7 32. Rc2 Kf6 (32... Rd4 {was called for.} 33. Rc7+ Rd7) 33. h3 h6 (33... Rd4 $142 34. Rc6+ Kg7 35. Rc7+ Rd7) 34. Rc6+ Kg7 35. Kg3 Rf7 36. Bh5 Rd7 37. Rg6+ Kh7 38. Rf6 Rd3+ 39. Kh2 Ra3 40. Bf7 ({Resist} 40. Rxf5 Rxa2 41. Rf7+ Kh8 $18) 40... Ra5 {White should prevent ...Kg7.} 41. Be6 Kg7 42. Rxf5 {White took control after the opening. Accuracy: White = 90%, Black = 55%.} 1-0

[Event "ESP-chT 1st Division 2020"]
[Site "Padron"]
[Date "2020.10.06"]
[Round "4.8"]
[White "Pile, Richard"]
[Black "Plazuelo Pascual, Juan"]
[Result "1/2-1/2"]
[WhiteElo "2450"]
[BlackElo "2474"]
[Annotator "TA"]
[PlyCount "141"]
[EventDate "2020.10.01"]
[EventType "team-tourn"]
[EventCountry "ESP"]
[SourceTitle "playchess.com"]
[Source "ChessBase"]
[SourceQuality "1"]

{[%evp 9,141,4,4,6,13,0,0,0,0,0,6,4,18,25,26,19,52,32,81,50,46,43,51,60,65,67,118,102,131,16,14,9,40,39,39,41,47,50,42,0,35,2,127,23,30,10,22,16,24,24,47,47,183,191,188,114,122,18,22,7,118,132,132,122,128,116,110,72,86,104,133,133,165,165,196,195,215,206,217,212,278,271,264,258,291,281,498,489,648,666,574,501,661,661,1112,992,923,975,906,712,1340,1330,1278,1054,1362,1360,29960,29960,29962,29962,6969,8,8,8,8,0,0,0,8,8,8,7,7,7,8,7,8,8,8,8,8,8,8,8]} 1. e4 c5 2. Nf3 e6 3. g3 Nc6 4. Bg2 Nf6 5. Qe2 e5 6. O-O {B40: Sicilian: 2...e6, Unusual lines.} Be7 7. c3 O-O 8. d3 h6 9. Nbd2 Re8 10. a3 a5 11. a4 Bf8 12. Nc4 {[#]} b6 $146 ({Predecessor:} 12... d6 13. Nfd2 Be6 14. Re1 Qc7 15. Ne3 Ne7 16. Ndc4 Rad8 17. Bd2 b6 18. b4 axb4 19. cxb4 {0-1 (75) Castellanos Rodriguez,R (2491)-Movsesian,S (2673) Tallinn 2016}) 13. Ne1 Bb7 14. Qd1 Rb8 15. Nc2 d5 16. exd5 Nxd5 17. Re1 Ba8 (17... Re7 $14) 18. f4 $16 f6 19. fxe5 (19. Qg4 $16) 19... Nxe5 $11 20. Nxe5 Rxe5 21. Rxe5 fxe5 22. Na3 Nf6 23. Bxa8 Rxa8 24. Qe2 Qd5 25. Nc4 Rd8 (25... Re8 $11 {keeps the balance.}) 26. Be3 (26. Qxe5 Qxd3 27. Qe6+ Kh7 $17) ({Stronger than} 26. Nxe5 Re8 $17) (26. Nxb6 $16 Qxd3 27. Qxd3 Rxd3 28. Nc4) 26... Qxd3 27. Qxd3 Rxd3 28. Kf2 e4 29. Ke2 Nd7 30. Bf4 {[%mdl 1024] White has compensation.} Nf6 (30... Kf7 $14) 31. Bc7 $18 Ng4 32. h3 (32. Bxb6 $18 Rf3 33. Rf1 (33. Bxa5 Rf2+ 34. Ke1 Rxh2 $11)) 32... Nf6 $16 33. Rd1 (33. Bxb6 $16 Rxg3 34. Bxa5) 33... Nd5 $11 34. Bd8 Nxc3+ (34... Rxd1 $11 35. Kxd1 Kf7) 35. bxc3 $16 Rxc3 36. Ne3 Ra3 37. Bxb6 Rxa4 38. Rc1 Ra2+ 39. Rc2 Ra1 40. Bxc5 Rh1 {[#] White must now prevent ...Rh2+.} 41. Bxf8 $1 Kxf8 $18 {[%mdl 4096] Endgame KRN-KR} 42. Rc8+ Kf7 43. h4 Rh2+ 44. Kf1 Ke6 45. Rc4 Ra2 46. Rxe4+ Kd6 47. Rg4 a4 $2 (47... Ke5 48. h5 (48. Rxg7 Ke4 $18) 48... a4) 48. Rxg7 a3 49. Ra7 Kc5 50. Nf5 Kb4 51. Nxh6 Rc2 52. Ng4 ({Less strong is} 52. Ke1 a2 $16) 52... a2 {[#]} 53. Ne3 $1 {[%cal Re3c2]} Rh2 {[#]} 54. h5 $1 Kc3 (54... Rxh5 55. Rxa2) 55. Kg1 Re2 56. Nd5+ Kc4 57. h6 Kxd5 {KR-KR} 58. h7 Re8 59. Rxa2 Rh8 60. Re2 $2 ({White has to play} 60. Rh2 $18 Ke5 61. Kf2) 60... Rxh7 $11 {The position is equal.} 61. Kg2 Rg7 62. Kf3 Rf7+ 63. Kg2 Rg7 64. Re8 Kd4 65. Kf3 {g4 is the strong threat.} Rf7+ 66. Ke2 Rg7 (66... Rf6 {looks sharper.} 67. Rb8 Ke4 68. Rb4+ Kf5 69. Kf2 Kg5+) 67. Re3 Rg8 68. Kf2 Rg7 69. Rf3 Ke5 70. Rf4 Rg5 71. Ra4 {Black defended with fortune. Accuracy: White = 77%, Black = 55%.} 1/2-1/2